<?xml version="1.0" encoding="UTF-8"?><?xml-stylesheet type="text/xsl" href="static/style.xsl"?><OAI-PMH xmlns="http://www.openarchives.org/OAI/2.0/" xmlns:xsi="http://www.w3.org/2001/XMLSchema-instance" xsi:schemaLocation="http://www.openarchives.org/OAI/2.0/ http://www.openarchives.org/OAI/2.0/OAI-PMH.xsd"><responseDate>2026-06-05T00:26:34Z</responseDate><request verb="GetRecord" identifier="oai:recam.amb.cat:20.500.14439/481" metadataPrefix="marc">https://recam.amb.cat/rest/oai/request</request><GetRecord><record><header><identifier>oai:recam.amb.cat:20.500.14439/481</identifier><datestamp>2025-05-21T10:18:54Z</datestamp><setSpec>com_20.500.14439_118</setSpec><setSpec>col_20.500.14439_122</setSpec></header><metadata><record xmlns="http://www.loc.gov/MARC21/slim" xmlns:dcterms="http://purl.org/dc/terms/" xmlns:xsi="http://www.w3.org/2001/XMLSchema-instance" xmlns:doc="http://www.lyncode.com/xoai" xsi:schemaLocation="http://www.loc.gov/MARC21/slim http://www.loc.gov/standards/marcxml/schema/MARC21slim.xsd">
   <leader>00925njm 22002777a 4500</leader>
   <datafield ind2=" " ind1=" " tag="042">
      <subfield code="a">dc</subfield>
   </datafield>
   <datafield ind2=" " ind1=" " tag="720">
      <subfield code="a">Lluna, Gonçal</subfield>
      <subfield code="e">author</subfield>
   </datafield>
   <datafield ind2=" " ind1=" " tag="720">
      <subfield code="a">Bauer, Míriam</subfield>
      <subfield code="e">author</subfield>
   </datafield>
   <datafield ind2=" " ind1=" " tag="260">
      <subfield code="c">2006-03-01</subfield>
   </datafield>
   <datafield ind2=" " ind1=" " tag="520">
      <subfield code="a">És el primer dia de classe de l'Airina, una noia del desert, i la Montse deixa obertes unes aixetes. L'Airina s'espanta i comença a cridar: "Nooo, Montse! Compte Àrea Metropolitana de Barcelona l'aigua!". El conte transmet la importància d'estalviar aigua a través de l'ús que se'n fa a diferents llocs del món. L'Àrea Metropolitana de Barcelona introdueix el cicle integral de l'aigua a la nostra societat: on es capta, com es tracta per fer-la potable, per a què es fa servir, com es depura i, finalment, com es retorna al medi. Explica de manera didàctica i senzilla els tractaments i les mesures bàsiques que podem tenir en compte per estalviar aigua a casa. El conte inclou un quadern d'exercicis per posar ordre a tot allò que hem après Àrea Metropolitana de Barcelona la narració.</subfield>
   </datafield>
   <datafield ind1="8" ind2=" " tag="024">
      <subfield code="a">https://hdl.handle.net/20.500.14439/481</subfield>
   </datafield>
   <datafield ind1="8" ind2=" " tag="024">
      <subfield code="a">276907</subfield>
   </datafield>
   <datafield ind1="8" ind2=" " tag="024">
      <subfield code="a">B 15339-2006</subfield>
   </datafield>
   <datafield tag="653" ind2=" " ind1=" ">
      <subfield code="a">Aigua</subfield>
   </datafield>
   <datafield tag="653" ind2=" " ind1=" ">
      <subfield code="a">Aigua potable</subfield>
   </datafield>
   <datafield tag="653" ind2=" " ind1=" ">
      <subfield code="a">Aigües residuals</subfield>
   </datafield>
   <datafield ind2="0" ind1="0" tag="245">
      <subfield code="a">Compte amb l'aigua!: Una història sobre el cicle de l'aigua</subfield>
   </datafield>
</record></metadata></record></GetRecord></OAI-PMH>